[Event "Thüringenliga 2024/25"]
[Site "?"]
[Date "2024.10.20"]
[Round "2.6"]
[White "Schenk, Stefan"]
[Black "Latka, Robert"]
[Result "1-0"]
[WhiteElo "1890"]
[BlackElo "1890"]
[PlyCount "75"]
[EventDate "2024.09.15"]
[EventType "team-tourn"]
[EventRounds "9"]
[WhiteTeam "Ilmenauer SV"]
[BlackTeam "fuß brothers Jena"]

1. e4 c5 2. c3 d5 3. exd5 Nf6 4. d4 cxd4 5. Qxd4 Nxd5 6. Bb5+ Nc6 7. Nf3 e6 8. Ne5 Bd7 9. Nxc6 Bxc6 10. Bxc6+ bxc6 11. O-O Qb6 12. Qg4 g6 13. c4 Nf6 14. Qf3 Bg7 15. Be3 Qa6 16. Bd4 Nh5 17. Bxg7 Nxg7 18. Nd2 O-O 19. b3 Rad8 20. Ne4 f5 21. Nc5 Qb6 22. Nd3 Qd4 23. Rad1 e5 24. Nb4 Qc5 25. Qc3 e4 26. Nc2 Ne6 27. b4 Qe7 28. Qe5 Kf7 29. c5 Nc7 30. Qxe7+ Kxe7 31. Nd4 Kf6 32. Nxc6 Rxd1 33. Rxd1 Nb5 34. a4 Nc3 35. Rd6+ Kg5 36. a5 a6 37. Nd4 f4 38. Ne6+ 1-0

[Event "Thüringenliga 2024/25"]
[Site "?"]
[Date "2024.10.20"]
[Round "2.7"]
[White "Götting, Danilo"]
[Black "Michael, Torsten"]
[Result "0-1"]
[WhiteElo "1725"]
[BlackElo "1747"]
[PlyCount "68"]
[EventDate "2024.09.15"]
[EventType "team-tourn"]
[EventRounds "9"]
[WhiteTeam "fuß brothers Jena"]
[BlackTeam "Ilmenauer SV"]

1. e4 e5 2. Nf3 Nc6 3. d4 exd4 4. Nxd4 Bc5 5. Nxc6 bxc6 6. Nc3 Qf6 7. Qd2 d6 8. Qf4 Be6 9. Bd3 Rb8 10. Qxf6 Nxf6 11. O-O O-O 12. a3 Nd7 13. Ne2 Ne5 14. b4 Bb6 15. Kh1 Nxd3 16. cxd3 a5 17. Bd2 axb4 18. Bxb4 Ra8 19. f4 c5 20. Bc3 f5 21. Ng3 Ra4 22. Bb2 g6 23. exf5 Bxf5 24. Nxf5 gxf5 25. Rae1 Kf7 26. g3 Ba5 27. Re2 Re8 28. Rff2 Re6 29. Kg2 c4 30. dxc4 Rxc4 31. Kf3 d5 32. Rc2 Rec6 33. Rce2 Bb6 34. Rg2 Rc3+ 0-1

[Event "Thüringenliga 2024/25"]
[Site "?"]
[Date "2024.10.20"]
[Round "2.1"]
[White "Kölsch, Maximilian"]
[Black "Bock, Marlon"]
[Result "1-0"]
[WhiteElo "2140"]
[BlackElo "2033"]
[PlyCount "53"]
[EventDate "2024.09.15"]
[EventType "team-tourn"]
[EventRounds "9"]
[WhiteTeam "SV Schott Jena"]
[BlackTeam "SSV Vimaria 91 Weimar"]

1. Nf3 d5 2. c4 d4 3. e3 Nc6 4. b4 dxe3 5. fxe3 Nxb4 6. Qa4+ Nc6 7. d4 Bd7 8. d5 Ne5 9. Qc2 Nxf3+ 10. gxf3 e6 11. Bd3 Bb4+ 12. Nd2 Qf6 13. O-O Qh6 14. Rb1 Bc5 15. Rxb7 Nf6 16. Ne4 Bxe3+ 17. Kh1 Bf4 18. Rxc7 Bxc1 19. Qxc1 Qxc1 20. Rxc1 exd5 21. Nxf6+ gxf6 22. cxd5 Ke7 23. Bf5 Rhd8 24. R1c6 a5 25. Rb6 Rac8 26. d6+ Ke8 27. Bxd7+ 1-0

[Event "Thüringenliga 2024/25"]
[Site "?"]
[Date "2024.10.20"]
[Round "2.2"]
[White "Philipp, Mathias"]
[Black "Junge, Mattheo Gabriel"]
[Result "1-0"]
[WhiteElo "2171"]
[BlackElo "1919"]
[PlyCount "85"]
[EventDate "2024.09.15"]
[EventType "team-tourn"]
[EventRounds "9"]
[WhiteTeam "SSV Vimaria 91 Weimar"]
[BlackTeam "SV Schott Jena"]

1. d4 Nf6 2. c4 g6 3. Nc3 Bg7 4. e4 d6 5. h3 O-O 6. Be3 c6 7. Nf3 Qa5 8. Nd2 Nbd7 9. g4 e5 10. Nb3 Qc7 11. d5 b6 12. Be2 Nc5 13. Nd2 a5 14. g5 Ne8 15. Nf1 f5 16. gxf6 Nxf6 17. Ng3 h5 18. Qc2 Ba6 19. h4 cxd5 20. exd5 Qf7 21. Rg1 Ng4 22. Bxg4 hxg4 23. Nge4 Qf5 24. b3 b5 25. cxb5 Nxe4 26. Qxe4 Bb7 27. Rxg4 Rac8 28. Rc1 Qxe4 29. Rxe4 Kh7 30. Kd2 Bh6 31. Rc4 Rxf2+ 32. Ne2 Rcf8 33. Rc7+ R2f7 34. R1c6 Bxc6 35. Rxf7+ Rxf7 36. dxc6 Rc7 37. Nc3 Bxe3+ 38. Kxe3 Kg7 39. Nd5 Rc8 40. c7 Kf7 41. b6 Ke6 42. b7 Kd7 43. b8=Q 1-0

[Event "Thüringenliga 2024/25"]
[Site "?"]
[Date "2024.10.20"]
[Round "2.3"]
[White "August, Daniel"]
[Black "Aepfler, Christian"]
[Result "0-1"]
[WhiteElo "2032"]
[BlackElo "2112"]
[PlyCount "48"]
[EventDate "2024.09.15"]
[EventType "team-tourn"]
[EventRounds "9"]
[WhiteTeam "SV Schott Jena"]
[BlackTeam "SSV Vimaria 91 Weimar"]

1. c4 e6 2. g3 d5 3. Bg2 Nf6 4. Nf3 Be7 5. O-O O-O 6. Qc2 a6 7. b3 d4 8. d3 Nc6 9. a3 a5 10. e4 Nd7 11. Ne1 Nc5 12. f4 e5 13. Nf3 f5 14. Nxe5 Nxe5 15. fxe5 fxe4 16. Rxf8+ Bxf8 17. dxe4 d3 18. Qc3 Nxb3 19. Ra2 Nxc1 20. Qxc1 Qd4+ 21. Kh1 Be6 22. Nd2 Be7 23. Qb1 b6 24. Qb5 Bc5 0-1

[Event "Thüringenliga 2024/25"]
[Site "?"]
[Date "2024.10.20"]
[Round "2.4"]
[White "Philipp, Michael"]
[Black "Abou Wally, Adrian"]
[Result "1-0"]
[WhiteElo "2033"]
[BlackElo "1993"]
[PlyCount "61"]
[EventDate "2024.09.15"]
[EventType "team-tourn"]
[EventRounds "9"]
[WhiteTeam "SSV Vimaria 91 Weimar"]
[BlackTeam "SV Schott Jena"]

1. f4 g6 2. Nf3 Bg7 3. e4 c6 4. d4 d5 5. e5 Nh6 6. Nc3 Qb6 7. Be2 Bg4 8. O-O Nf5 9. Na4 Qc7 10. c3 e6 11. b3 Nd7 12. h3 Bxf3 13. Rxf3 O-O 14. Ba3 Rfe8 15. g4 Ne7 16. h4 b6 17. Rh3 f6 18. Bd3 Kf7 19. Qf3 Rh8 20. Bd6 Qb7 21. f5 gxf5 22. gxf5 h5 23. Re1 fxe5 24. dxe5 Rag8 25. Kh1 Bf8 26. fxe6+ Kxe6 27. Rf1 Nxe5 28. Qf6+ Kd7 29. Bxe5 Qc8 30. Bf5+ Nxf5 31. Qxf5+ 1-0

[Event "Thüringenliga 2024/25"]
[Site "?"]
[Date "2024.10.20"]
[Round "2.6"]
[White "Homberger, Jan"]
[Black "Brömel, Richard"]
[Result "0-1"]
[WhiteElo "1896"]
[BlackElo "2001"]
[PlyCount "70"]
[EventDate "2024.09.15"]
[EventType "team-tourn"]
[EventRounds "9"]
[WhiteTeam "SSV Vimaria 91 Weimar"]
[BlackTeam "SV Schott Jena"]

1. Nf3 d5 2. g3 c6 3. Bg2 Bf5 4. d3 e6 5. Nbd2 Nf6 6. O-O Bc5 7. a3 a5 8. Qe1 O-O 9. e4 Bg4 10. h3 Bh5 11. Kh1 dxe4 12. dxe4 Nbd7 13. e5 Nd5 14. c4 N5b6 15. b3 Qc7 16. Bb2 Rfd8 17. Nh4 Nf8 18. f4 Bd4 19. Bxd4 Rxd4 20. Ne4 a4 21. c5 Nbd7 22. Qc3 Rd5 23. b4 b6 24. Nd6 bxc5 25. Bxd5 cxd5 26. bxc5 Ra5 27. Qb4 Rxc5 28. g4 Rc3 29. Kg2 Rb3 30. Qd4 Bg6 31. Nxg6 Nxg6 32. Rf2 Nh4+ 33. Kf1 Rxh3 34. Qb2 Qc5 35. Qa2 Qe3 0-1

[Event "Thüringenliga 2024/25"]
[Site "?"]
[Date "2024.10.20"]
[Round "2.7"]
[White "Bönisch, Julian"]
[Black "Gulich, Christian"]
[Result "0-1"]
[WhiteElo "1843"]
[BlackElo "1911"]
[PlyCount "48"]
[EventDate "2024.09.15"]
[EventType "team-tourn"]
[EventRounds "9"]
[WhiteTeam "SV Schott Jena"]
[BlackTeam "SSV Vimaria 91 Weimar"]

1. Nf3 f5 2. g3 Nf6 3. Bg2 g6 4. O-O Bg7 5. d3 O-O 6. c4 d6 7. Nc3 e5 8. e4 Nc6 9. Nd5 Ne7 10. Nxf6+ Rxf6 11. c5 h6 12. Nh4 fxe4 13. dxe4 g5 14. Nf5 Nxf5 15. exf5 Rxf5 16. Bxb7 Bxb7 17. Qb3+ d5 18. Qxb7 Rf6 19. Rd1 c6 20. Bd2 Qf8 21. Be1 Rb8 22. Qxa7 Rxb2 23. Rab1 Rfxf2 24. Rxb2 Rf1+ 0-1

[Event "Thüringenliga 2024/25"]
[Site "?"]
[Date "2024.10.20"]
[Round "2.8"]
[White "Albrecht, Jürgen"]
[Black "Link, Moritz"]
[Result "1-0"]
[WhiteElo "1965"]
[BlackElo "1717"]
[PlyCount "73"]
[EventDate "2024.09.15"]
[EventType "team-tourn"]
[EventRounds "9"]
[WhiteTeam "SSV Vimaria 91 Weimar"]
[BlackTeam "SV Schott Jena"]

1. e4 e5 2. Nf3 Nf6 3. d4 Nxe4 4. Bd3 d5 5. Nxe5 Nd7 6. Nxd7 Qxd7 7. O-O Be7 8. Re1 b6 9. Qe2 Bb7 10. f3 Nd6 11. Bf4 Kd8 12. Nd2 Bf6 13. Be5 Re8 14. Bxf6+ gxf6 15. Qf2 Re6 16. Qh4 Qe7 17. Kf2 Kd7 18. Qxh7 Re8 19. Bf5 Nxf5 20. Qxf5 Qb4 21. Nb3 Ba6 22. Rxe6 Rxe6 23. c3 Qc4 24. Re1 Ke7 25. Rxe6+ fxe6 26. Qc2 e5 27. Kg3 Ke6 28. dxe5 Kxe5 29. Nd4 Kd6 30. Qf5 Ke7 31. Qe6+ Kf8 32. Qxf6+ Ke8 33. Qe6+ Kf8 34. h4 c5 35. Nf5 d4 36. Qe7+ Kg8 37. Qg7# 1-0

[Event "Landesklasse Ost 2024/25"]
[Site "?"]
[Date "2024.10.20"]
[Round "2.1"]
[White "Kania, Markus"]
[Black "Sondermann, Johannes"]
[Result "1-0"]
[WhiteElo "2064"]
[BlackElo "2019"]
[PlyCount "43"]
[EventDate "2024.09.15"]
[EventType "team-tourn"]
[EventRounds "9"]
[WhiteTeam "MTV 1876 Saalfeld"]
[BlackTeam "Meuselwitzer SV"]

{[%evp 0,43,18,-10,46,20,23,10,0,-3,47,20,27,-1,20,-25,-3,-10,20,8,24,-4,56,29,23,-14,112,122,135,135,107,83,179,192,209,241,353,335,1090,1117,1775,2613,29993,29994,29997,29998]} 1. c4 f5 2. g3 Nf6 3. Bg2 e5 4. Nc3 g6 5. d3 Bg7 6. b4 Nc6 7. Qb3 a5 8. b5 a4 9. Qd1 Ne7 10. Ba3 c6 11. Nh3 d5 12. O-O Be6 13. Ng5 Bg8 14. bxc6 bxc6 15. cxd5 cxd5 16. Nb5 h6 17. Nf3 Nc6 18. Rc1 Kd7 19. Rxc6 Kxc6 20. Qc2+ Kd7 21. Nxe5+ Ke6 22. Qc6+ 1-0

[Event "Landesklasse Ost 2024/25"]
[Site "?"]
[Date "2024.10.20"]
[Round "2.2"]
[White "Naundorf, Johannes"]
[Black "Bellmann, Daniel"]
[Result "0-1"]
[WhiteElo "1932"]
[BlackElo "1814"]
[PlyCount "106"]
[EventDate "2024.09.15"]
[EventType "team-tourn"]
[EventRounds "9"]
[WhiteTeam "Meuselwitzer SV"]
[BlackTeam "MTV 1876 Saalfeld"]

{[%evp 0,106,18,25,23,16,61,43,39,34,57,38,37,46,51,50,39,50,39,35,35,49,48,35,38,37,32,25,48,0,44,48,60,64,97,56,94,73,202,169,227,158,136,140,188,177,240,190,185,243,243,226,367,289,436,420,472,337,318,262,374,156,147,139,247,237,249,211,269,272,278,245,229,213,202,189,239,207,205,193,198,128,134,102,70,87,263,294,297,337,338,374,370,436,474,461,495,510,517,517,536,544,554,567,585,679,679,-606,-649]} 1. d4 d5 2. Nf3 c6 3. Bf4 Qb6 4. b3 Bf5 5. e3 Nf6 6. Bd3 Bxd3 7. Qxd3 Nbd7 8. O-O Nh5 9. c4 e6 10. Nc3 Nxf4 11. exf4 g6 12. Ne5 Nxe5 13. fxe5 Be7 14. cxd5 exd5 15. f4 O-O-O 16. f5 f6 17. Na4 Qb5 18. Qe3 fxe5 19. f6 Bb4 20. dxe5 d4 21. Qh3+ Kb8 22. e6 Qd5 23. e7 Rc8 24. Rad1 b5 25. Nb2 Qf7 26. Qg3+ Kb7 27. Nd3 Bxe7 28. fxe7 Qxe7 29. b4 Rhf8 30. Qe5 Qxe5 31. Nxe5 Rfe8 32. Nd3 Kb6 33. Rf7 Re2 34. Nc5 Rc7 35. Rxc7 Kxc7 36. Rxd4 Rxa2 37. Rd7+ Kb8 38. Rb7+ Kc8 39. Rxh7 a5 40. Ra7 a4 41. h4 Rb2 42. g4 Kd8 43. h5 gxh5 44. gxh5 Rxb4 45. h6 Rh4 46. h7 a3 47. h8=Q+ Rxh8 48. Ra8+ Kc7 49. Rxh8 Kb6 50. Nb3 a2 51. Ra8 c5 52. Kf2 c4 53. Ke3 cxb3 0-1

[Event "Landesklasse Ost 2024/25"]
[Site "?"]
[Date "2024.10.20"]
[Round "2.3"]
[White "Böhl, Dietmar"]
[Black "Kühne, Niklas"]
[Result "1/2-1/2"]
[WhiteElo "1805"]
[BlackElo "1858"]
[PlyCount "95"]
[EventDate "2024.09.15"]
[EventType "team-tourn"]
[EventRounds "9"]
[WhiteTeam "MTV 1876 Saalfeld"]
[BlackTeam "Meuselwitzer SV"]

{[%evp 0,95,18,19,53,52,37,37,35,14,28,62,73,91,91,58,46,41,70,49,78,52,76,76,48,46,44,35,27,55,60,-18,-57,-176,89,117,66,67,60,105,105,38,43,40,40,58,55,-29,115,-11,-65,-65,0,-160,-156,-171,-184,-159,-166,-162,-39,-183,-180,-180,-175,-174,-182,-199,-207,-207,-207,-204,-195,-209,-214,-212,-207,-236,-209,-203,-209,-209,-207,-208,-202,-210,-139,-136,-6,0,0,0,0,0,0,0,0,0]} 1. e4 c5 2. Nf3 Nc6 3. d4 cxd4 4. Nxd4 e6 5. Nc3 Qc7 6. Be3 a6 7. Bd3 Nf6 8. O-O Bb4 9. Nxc6 bxc6 10. f4 O-O 11. e5 Nd5 12. Nxd5 cxd5 13. Qh5 g6 14. Qh6 d6 15. f5 exf5 16. Bg5 f6 17. exf6 Bc5+ 18. Kh1 Bd4 19. Rae1 Be5 20. Rf3 Bb7 21. Rfe3 Rf7 22. h4 d4 23. Rh3 Be4 24. Rxe4 fxe4 25. Bxe4 Qa5 26. Bd2 Rxf6 27. Rf3 Rxf3 28. gxf3 Qb5 29. Kg1 Rf8 30. h5 Bg7 31. Qg5 Qxg5+ 32. Bxg5 gxh5 33. Be7 Rb8 34. Bxd6 Rxb2 35. Kf2 Bf6 36. Ba3 Rb6 37. Kg3 Kg7 38. Kf4 h6 39. Bd3 Bg5+ 40. Kg3 Be3 41. Kh4 Rf6 42. Be4 Rf4+ 43. Kxh5 Kf6 44. Bd6 Rf5+ 45. Bxf5 Kxf5 46. Bc7 Bf4 47. Bb6 Be3 48. Bc7 1/2-1/2

[Event "Landesklasse Ost 2024/25"]
[Site "?"]
[Date "2024.10.20"]
[Round "2.5"]
[White "Herrmann, Manfred"]
[Black "Sniegowski, Richard"]
[Result "0-1"]
[WhiteElo "1567"]
[BlackElo "1718"]
[PlyCount "108"]
[EventDate "2024.09.15"]
[EventType "team-tourn"]
[EventRounds "9"]
[WhiteTeam "MTV 1876 Saalfeld"]
[BlackTeam "Meuselwitzer SV"]

{[%evp 0,108,17,-15,-7,-18,10,4,3,4,2,1,15,-7,0,-32,-41,-58,-52,-69,-70,-73,-37,-48,-40,-73,-80,-178,-78,-121,-112,-317,-220,-280,-361,-656,-664,-792,-869,-956,-1015,-1006,-1322,-1377,-289,-1091,-283,-351,-357,-364,-364,-362,-376,-371,-376,-376,-372,-601,-622,-628,-641,-717,-475,-651,-344,-680,-684,-684,-472,-472,-494,-499,-501,-498,-471,-543,-594,-585,-501,-511,-510,-513,-544,-591,-598,-604,-503,-503,-435,-439,-439,-475,-476,-479,-475,-484,-429,-448,-455,-477,-499,-550,-602,-637,-958,-1205,-1335,-1479,-1289,-1407,-1510]} 1. g3 Nf6 2. Bg2 g6 3. d3 Bg7 4. e4 d6 5. Nc3 Nc6 6. h3 e5 7. f4 Nh5 8. Nge2 exf4 9. Bxf4 Nxf4 10. Nxf4 Qg5 11. Nfe2 Be5 12. Kf2 O-O 13. d4 Bg7 14. Nd5 f5 15. Kg1 fxe4 16. Nxc7 Nxd4 17. Nxd4 Qxg3 18. Qd2 e3 19. Qe2 Rf2 20. Qc4+ Kh8 21. Qd5 Rf8 22. Nxa8 Qf2+ 23. Kh2 Qf4+ 24. Kg1 Bxd4 25. c3 Be5 26. Qf3 Qxf3 27. Bxf3 Rxf3 28. Kg2 Rf2+ 29. Kg1 Bd7 30. Re1 Bf4 31. Nc7 Bc6 32. c4 Rg2+ 33. Kf1 e2+ 34. Rxe2 Rxe2 35. Kxe2 Bxh1 36. Ne6 Be5 37. Nd8 Kg7 38. Ne6+ Kf7 39. Ng5+ Kg7 40. b3 h6 41. Ne6+ Kf7 42. Nc7 d5 43. Nxd5 Bxd5 44. cxd5 Ke7 45. Kd3 Kd6 46. Ke4 Bc3 47. Kd3 Bb4 48. Kd4 Bc5+ 49. Kc4 a6 50. a4 g5 51. b4 Ba7 52. b5 axb5+ 53. axb5 Bc5 54. Kd3 Kxd5 0-1

[Event "Landesklasse Ost 2024/25"]
[Site "?"]
[Date "2024.10.20"]
[Round "2.6"]
[White "Schmidt, Jörg"]
[Black "Möbius, Paul"]
[Result "1-0"]
[WhiteElo "1702"]
[BlackElo "1495"]
[PlyCount "57"]
[EventDate "2024.09.15"]
[EventType "team-tourn"]
[EventRounds "9"]
[WhiteTeam "Meuselwitzer SV"]
[BlackTeam "MTV 1876 Saalfeld"]

{[%evp 0,57,18,17,25,13,35,14,35,-17,-22,-9,-9,-9,-13,-10,2,9,11,-20,14,1,30,-54,-57,-59,-72,-79,-13,-22,-27,-35,-23,-11,5,-39,112,123,128,135,123,130,152,134,128,133,185,183,419,419,423,443,694,379,371,341,522,253,29999,-30000]} 1. e4 e5 2. Nf3 Nc6 3. Nc3 Bb4 4. d3 Nf6 5. Bg5 Bxc3+ 6. bxc3 h6 7. Bh4 g5 8. Bg3 Qe7 9. Be2 b6 10. Nd2 Qc5 11. O-O Qxc3 12. Nc4 Ba6 13. Ne3 Ne7 14. Rb1 d6 15. Rb3 Qc6 16. Qd2 O-O-O 17. Ra1 Nxe4 18. dxe4 Bxe2 19. Qxe2 Qxe4 20. f3 Qd4 21. Rd1 Qa4 22. Qd3 f5 23. Ra3 e4 24. Qc3 Qc6 25. Nxf5 Qd7 26. fxe4 Nxf5 27. exf5 Qxf5 28. Rxa7 Rhf8 29. Qxc7# 1-0

[Event "Landesklasse Ost 2024/25"]
[Site "?"]
[Date "2024.10.20"]
[Round "2.8"]
[White "Steigemann, Lutz"]
[Black "Pods, Werner"]
[Result "1/2-1/2"]
[WhiteElo "1632"]
[BlackElo "1448"]
[PlyCount "42"]
[EventDate "2024.09.15"]
[EventType "team-tourn"]
[EventRounds "9"]
[WhiteTeam "Meuselwitzer SV"]
[BlackTeam "MTV 1876 Saalfeld"]

{[%evp 0,42,18,17,53,12,53,56,36,36,31,49,68,20,34,-44,-26,-31,25,15,15,-19,34,8,-22,-6,0,0,82,139,101,151,148,49,36,-10,458,90,90,93,88,58,49,49,41]} 1. e4 c5 2. f4 d6 3. Nf3 Nf6 4. Nc3 a6 5. a4 g6 6. Bc4 Nc6 7. e5 dxe5 8. fxe5 Nh5 9. d3 Bg7 10. Qe2 Nd4 11. Nxd4 Qxd4 12. Be3 Qxe5 13. O-O f5 14. Qf2 b6 15. Rae1 Qd6 16. Nd5 e6 17. c3 Bb7 18. Nf4 Nxf4 19. Bxf4 e5 20. Qg3 O-O-O 21. Bxe5 Bxe5 1/2-1/2

[Event "Landesklasse Ost 2024/25"]
[Site "?"]
[Date "2024.10.20"]
[Round "2.1"]
[White "Schulz, Phillip"]
[Black "Will, Jonas"]
[Result "1/2-1/2"]
[WhiteElo "1974"]
[BlackElo "1819"]
[PlyCount "95"]
[EventDate "2024.09.15"]
[EventType "team-tourn"]
[EventRounds "9"]
[WhiteTeam "TV 1887 Germania Hermsdorf"]
[BlackTeam "SV Schott Jena 2"]

{[%evp 0,95,18,30,30,-14,-16,-14,-11,-4,-1,-3,31,25,34,-4,43,39,70,61,97,97,95,92,98,93,140,123,142,128,124,61,73,80,70,81,69,104,103,103,160,164,177,110,109,103,97,84,109,105,148,115,114,118,155,126,92,100,102,103,106,37,65,75,109,106,122,67,67,66,72,76,76,76,79,84,88,54,111,93,103,96,141,-9,0,0,-6,14,20,21,29,8,25,-265,-281,-278,-127,-116]} 1. d4 d5 2. c4 e6 3. Nc3 Nf6 4. cxd5 exd5 5. Bg5 Be7 6. e3 h6 7. Bh4 Nbd7 8. Bd3 Nf8 9. Qc2 g5 10. Bg3 Ne6 11. Nge2 c6 12. h4 Nh5 13. Be5 Bf6 14. hxg5 Bxe5 15. Rxh5 hxg5 16. Rxh8+ Bxh8 17. O-O-O Bd7 18. Rh1 Bf6 19. Ng3 Qa5 20. Nf5 O-O-O 21. Nd6+ Kb8 22. Nxf7 Rf8 23. Nd6 Qb4 24. Nf5 g4 25. a3 Qa5 26. Rh7 Bc8 27. Nd6 Ng5 28. Rh1 Be6 29. Nf5 Bd8 30. Ng3 Bc7 31. Nf5 a6 32. Rh5 Nf7 33. f3 gxf3 34. gxf3 Nd6 35. Nxd6 Bxd6 36. Rh6 Re8 37. f4 Qd8 38. Qb3 Bf8 39. Rh7 Re7 40. Rh8 Ka7 41. Rh7 Rxh7 42. Bxh7 Qh4 43. Qc2 Qe1+ 44. Nd1 Bg4 45. Qd2 Qg1 46. Kc2 Bxd1+ 47. Qxd1 Qxe3 48. Qd2 1/2-1/2

[Event "Landesklasse Ost 2024/25"]
[Site "?"]
[Date "2024.10.20"]
[Round "2.2"]
[White "Kavehei, Hamed"]
[Black "Wentzel, Florian"]
[Result "0-1"]
[WhiteElo "1735"]
[BlackElo "2032"]
[PlyCount "106"]
[EventDate "2024.09.15"]
[EventType "team-tourn"]
[EventRounds "9"]
[WhiteTeam "SV Schott Jena 2"]
[BlackTeam "TV 1887 Germania Hermsdorf"]

1. d4 Nf6 2. Bf4 d5 3. e3 c5 4. Nf3 Nc6 5. c3 Bg4 6. Bd3 Qb6 7. b3 e6 8. Nbd2 Qa5 9. Qc2 Rc8 10. O-O Be7 11. Ne5 Bh5 12. Ndf3 Bxf3 13. gxf3 O-O 14. Rfc1 cxd4 15. exd4 Nxd4 16. Qd2 Nc6 17. Nxc6 Rxc6 18. c4 Qxd2 19. Bxd2 dxc4 20. Bxc4 a6 21. Re1 b5 22. Bf1 Nd5 23. Rac1 Rfc8 24. a4 Rxc1 25. Rxc1 Rxc1 26. Bxc1 bxa4 27. bxa4 a5 28. Be3 Bb4 29. Bd3 f5 30. Kf1 Kf7 31. Bc2 Ke7 32. Ke2 Kd6 33. f4 g6 34. Bb3 h6 35. Bc1 h5 36. Be3 Bc5 37. Bd2 Bb6 38. Bc1 Nc3+ 39. Ke1 h4 40. Bb2 Ne4 41. f3 Nc5 42. Ba3 Ke7 43. h3 Kf6 44. Bxc5 Bxc5 45. Ke2 Ba3 46. Kd2 Bf8 47. Bc4 Bh6 48. Ke3 e5 49. Ke2 Bxf4 50. Bd3 Bh6 51. Bc2 Bf8 52. Ke3 Kg5 53. f4+ exf4+ 0-1

[Event "Landesklasse Ost 2024/25"]
[Site "?"]
[Date "2024.10.20"]
[Round "2.3"]
[White "Rohde, Frederik"]
[Black "Eichhorn, Mathilda"]
[Result "1/2-1/2"]
[WhiteElo "1752"]
[BlackElo "1757"]
[PlyCount "62"]
[EventDate "2024.09.15"]
[EventType "team-tourn"]
[EventRounds "9"]
[WhiteTeam "TV 1887 Germania Hermsdorf"]
[BlackTeam "SV Schott Jena 2"]

1. e4 e6 2. d4 d5 3. exd5 exd5 4. Bd3 Nf6 5. Nf3 Bd6 6. O-O O-O 7. Bg5 Nbd7 8. c3 Re8 9. Nbd2 h6 10. Bh4 c6 11. Qc2 b6 12. Rae1 Qc7 13. Bxf6 Nxf6 14. Rxe8+ Nxe8 15. Re1 Nf6 16. Ne5 c5 17. Qa4 Bb7 18. Ndf3 c4 19. Bb1 a6 20. Re3 b5 21. Qc2 Ne4 22. h3 Re8 23. Qe2 f5 24. Qe1 f4 25. Re2 g5 26. Nh2 Bxe5 27. dxe5 Kf8 28. Nf1 Qc5 29. Kh1 Qc6 30. f3 Nc5 31. Bf5 Bc8 1/2-1/2

[Event "Landesklasse Ost 2024/25"]
[Site "?"]
[Date "2024.10.20"]
[Round "2.4"]
[White "Bunke, Wilfried"]
[Black "Moje, Hans-Jürgen"]
[Result "1/2-1/2"]
[WhiteElo "1865"]
[BlackElo "1823"]
[PlyCount "44"]
[EventDate "2024.09.15"]
[EventType "team-tourn"]
[EventRounds "9"]
[WhiteTeam "SV Schott Jena 2"]
[BlackTeam "TV 1887 Germania Hermsdorf"]

1. d4 Nf6 2. Nf3 Nc6 3. c4 e6 4. Nc3 d5 5. cxd5 Nxd5 6. e4 Nb6 7. Be2 Bd7 8. O-O h6 9. d5 Ne7 10. Re1 Ng6 11. a4 a5 12. Be3 Bb4 13. Bxb6 cxb6 14. Nd4 O-O 15. Bb5 e5 16. Nc2 Bc5 17. Bxd7 Qxd7 18. Ne3 Bb4 19. Qb3 Nf4 20. Red1 Rad8 21. Nb5 Bc5 22. Re1 Bb4 1/2-1/2

[Event "Landesklasse Ost 2024/25"]
[Site "?"]
[Date "2024.10.20"]
[Round "2.5"]
[White "Hädrich, Dirk"]
[Black "Jordan, Gunter"]
[Result "1/2-1/2"]
[WhiteElo "1801"]
[BlackElo "1785"]
[PlyCount "61"]
[EventDate "2024.09.15"]
[EventType "team-tourn"]
[EventRounds "9"]
[WhiteTeam "TV 1887 Germania Hermsdorf"]
[BlackTeam "SV Schott Jena 2"]

1. d4 d5 2. Nf3 c6 3. c3 e6 4. Bf4 Bd6 5. Bg3 f5 6. e3 Nf6 7. Ne5 O-O 8. Nd2 Ne4 9. Bd3 Bxe5 10. Bxe5 Nd7 11. Bg3 Ndf6 12. f3 Nxd2 13. Qxd2 Bd7 14. Bd6 Rf7 15. Qc2 Be8 16. Bg3 b5 17. O-O Rf8 18. Be5 Bg6 19. Rae1 a5 20. Bxf6 Rxf6 21. e4 fxe4 22. fxe4 Rxf1+ 23. Rxf1 Qh4 24. exd5 Bxd3 25. Qxd3 exd5 26. Qe3 Qg4 27. Qe7 Qg6 28. Re1 Rf8 29. Qe6+ Qf7 30. Qxf7+ Rxf7 31. h4 1/2-1/2

[Event "Landesklasse Ost 2024/25"]
[Site "?"]
[Date "2024.10.20"]
[Round "2.6"]
[White "Hirsch, Tilo"]
[Black "Pietsch, Karsten"]
[Result "0-1"]
[WhiteElo "1711"]
[BlackElo "1718"]
[PlyCount "32"]
[EventDate "2024.09.15"]
[EventType "team-tourn"]
[EventRounds "9"]
[WhiteTeam "SV Schott Jena 2"]
[BlackTeam "TV 1887 Germania Hermsdorf"]

1. e4 e5 2. Nf3 Nc6 3. Bc4 Nf6 4. Ng5 d5 5. exd5 b5 6. Bf1 Nd4 7. c3 Nxd5 8. cxd4 Qxg5 9. Bxb5+ Kd8 10. Qf3 exd4 11. O-O Bb7 12. Qxf7 Nf6 13. f3 Bd6 14. Qc4 Qh4 15. f4 Ng4 16. h3 Qg3 0-1

[Event "Landesklasse Ost 2024/25"]
[Site "?"]
[Date "2024.10.20"]
[Round "2.7"]
[White "Günther, Dominik"]
[Black "Crecelius, Carlo"]
[Result "0-1"]
[WhiteElo "1478"]
[BlackElo "1650"]
[PlyCount "58"]
[EventDate "2024.09.15"]
[EventType "team-tourn"]
[EventRounds "9"]
[WhiteTeam "TV 1887 Germania Hermsdorf"]
[BlackTeam "SV Schott Jena 2"]

1. d4 Nf6 2. c4 g6 3. Nc3 Bg7 4. e4 d6 5. f3 b6 6. Be3 Bb7 7. Bd3 Na6 8. Nge2 c5 9. d5 Nc7 10. Qd2 h5 11. h3 Qd7 12. O-O-O O-O-O 13. g4 hxg4 14. hxg4 Kb8 15. Ng3 e6 16. Rde1 Qc8 17. Bg5 Rde8 18. Kb1 Nd7 19. Bc2 Be5 20. f4 Bd4 21. Ba4 f6 22. Bh6 Ka8 23. f5 gxf5 24. gxf5 exd5 25. exd5 Rxe1+ 26. Rxe1 Ne5 27. Rxe5 Bxe5 28. Nge4 Qxf5 29. Bc2 Qf1+ 0-1

[Event "Landesklasse Ost 2024/25"]
[Site "?"]
[Date "2024.10.20"]
[Round "2.8"]
[White "Falk, Peter"]
[Black "Bülau, Daniel"]
[Result "1/2-1/2"]
[WhiteElo "1502"]
[BlackElo "1589"]
[PlyCount "28"]
[EventDate "2024.09.15"]
[EventType "team-tourn"]
[EventRounds "9"]
[WhiteTeam "SV Schott Jena 2"]
[BlackTeam "TV 1887 Germania Hermsdorf"]

1. e4 e5 2. Nf3 Nc6 3. Nc3 Nf6 4. Bb5 Be7 5. O-O d6 6. d4 exd4 7. Nxd4 Bd7 8. Nxc6 bxc6 9. Be2 O-O 10. Be3 Re8 11. f3 Bf8 12. Qd2 h6 13. Rfd1 d5 14. Bf2 Bd6 1/2-1/2